|
|
|
|
| LEADER |
00999nab#a2200313#ar4500 |
| 001 |
000076464 |
| 003 |
SVKKK |
| 005 |
20050809xxxxxxx. |
| 008 |
06 c xo huno |
| FMT |
|
|
|
| 038 |
|
|
|a SVKKK
|
| 040 |
|
|
|a SVKKK
|b slo
|e AACR2
|
| 041 |
0 |
|
|a hun
|
| 044 |
|
|
|a xo
|c SK
|
| 080 |
|
|
|a 329
|
| 242 |
1 |
0 |
|a Niekoľko slov k mužom Michalovského obvodu s citom pre nezávislosť
|
| 245 |
0 |
0 |
|a Néhány szó a nagymihályi kerület függetlenségi érzelmü férfiaihoz
|
| 500 |
|
|
|a Ex/Ro-75
|
| 520 |
2 |
|
|a Výzva k organizovaniu straníckych skupín podľa obcí, menovite v sídle volebného obvodu, v Michalovciach.
|
| 650 |
0 |
4 |
|a Uhorská strana nezávislosti (sekcia Michalovce) - skupiny stranícke - Michalovce - rok 1906 - výzva
|
| 773 |
0 |
|
|t Felsö-Zemplén
|g Roč. 11, č. 46 {spr.47} (06.12.1906) s. 2
|
| 957 |
|
|
|a Michalovce
|
| 957 |
|
|
|a Michalovský obvod
|
| 958 |
|
|
|a DG
|
| 958 |
|
|
|a SK
|
| 974 |
|
|
|a zuz
|d 20050809
|
| 992 |
|
|
|a RBX
|
| BAS |
|
|
|
| 998 |
|
|
|a RETRO
|